Predicción del abandono universitario : variables explicativas y medidas de prevención (Record no. 184828)

MARC details
000 -CABECERA
campo de control de longitud fija 02529nab a2200301 a 4500
005 - FECHA Y HORA DE LA ÚLTIMA TRANSACCIÓN
campo de control 20250303122504.0
008 - ELEMENTOS DE LONGITUD FIJA--INFORMACIÓN GENERAL
campo de control de longitud fija 991125c2015 sp ar p o 000 0 spa d
035 ## - NÚMERO DE CONTROL DEL SISTEMA
Número de control de sistema UPN01000212728
040 ## - FUENTE DE LA CATALOGACIÓN
Centro catalogador/agencia de origen UPN
Lengua de catalogación spa
Centro/agencia transcriptor UPN
Normas de descripción aacr2
049 ## - COLECCIÓN
Colección ART-E
100 1# - ASIENTO PRINCIPAL--NOMBRE PERSONAL
Nombre de persona Bernardo Gutiérrez, Ana Belén
Enlace - bernardoana@uniovi.es
100 1# - ASIENTO PRINCIPAL--NOMBRE PERSONAL
Nombre de persona Cerezo Menéndez, Rebeca
100 1# - ASIENTO PRINCIPAL--NOMBRE PERSONAL
Nombre de persona Núñez Pérez, José Carlos
100 1# - ASIENTO PRINCIPAL--NOMBRE PERSONAL
Nombre de persona Tuero Herrero, Ellian
100 1# - ASIENTO PRINCIPAL--NOMBRE PERSONAL
Nombre de persona Esteban García, María
245 10 - MENCIÓN DE TÍTULO
Título Predicción del abandono universitario : variables explicativas y medidas de prevención
506 0# - NOTA DE RESTRICCIONES AL ACCESO
Limitaciones de acceso Acceso abierto
520 3# - NOTA DE RESUMEN, ETC.
Sumario, etc. El abandono de los estudios universitarios es un problema cuyos costes son altos tanto para el individuo como para la sociedad. Es por ello que la prevención del mismo es fundamental y cobra especial relevancia en el actual contexto de crisis económica. Diversos autores han desarrollado investigaciones con el objetivo de establecer modelos predictivos de este fenómeno (Castaño, Gallón, Gómez y Vásquez, 2004; Trevizán, Beltrán y Cosolito, 2009; Goldenhersh, Coria y Saino, 2011; Sánchez, 2014). En este artículo se analizan dichos trabajos, identificando las ventajas y desventajas de las metodologías más utilizadas; análisis correlacionales, análisis de regresión logística, análisis de supervivencia y minería de datos. La investigación cuyos resultados aquí se exponen, aplica la primera de las metodologías mencionadas, a fin de comprobar - en lo que respecta al fenómeno del abandono - el valor predictivo de las variables rendimiento académico previo, fecha de matriculación, rendimiento en primer curso de universidad y asistencia a clase. Los resultados confirman la relación de dichas variables con el fenómeno estudiado. Dichos resultados son consistentes con los obtenidos por diversos autores a lo largo del tiempo, y en b ase a ellos se proponen dos tipos de medidas; por un lado, acciones encaminadas a facilitar el diagnóstico respecto al problema del abandono, y por otro lado, medidas encaminadas a su prevención
650 #4 - ASIENTO SECUNDARIO DE MATERIA - TERMINO TEMATICO
Término de materia o nombre geográfico como elemento de entrada Educación superior
9 (RLIN) 32
650 #4 - ASIENTO SECUNDARIO DE MATERIA - TERMINO TEMATICO
Término de materia o nombre geográfico como elemento de entrada Deserción escolar
9 (RLIN) 6083
650 #4 - ASIENTO SECUNDARIO DE MATERIA - TERMINO TEMATICO
Término de materia o nombre geográfico como elemento de entrada Orientación vocacional
9 (RLIN) 5
653 0# - TERMINO DE INDIZACION - NO CONTROLADO
Término no controlado Permanencia escolar
773 ## - ENLACE AL DOCUMENTO FUENTE/ENTRADA DE REGISTRO ANFITRIÓN
Parte(s) relacionada(s) No. 16 (2015), p. 63-84
Título Fuentes : revista de la Facultad de Ciencias de la Educación
Número Internacional Normalizado para Publicaciones Seriadas 2172-7775
856 4# - LOCALIZACIÓN Y ACCESO ELECTRÓNICOS
Identificador Uniforme del Recurso <a href="https://revistascientificas.us.es/index.php/fuentes/article/view/2363">https://revistascientificas.us.es/index.php/fuentes/article/view/2363</a>
902 ## - ELEMENTOS DE DATOS B LOCAL, LDB (RLIN)
Creó Gloria Jiménez/030325
905 ## - TIPO DE MATERIAL
Tipo de material Articulo
942 ## - ELEMENTOS DE PUNTO DE ACCESO ADICIONAL (KOHA)
Tipo de ítem Koha Artículo Electrónico
Holdings
Estado de retiro Estado de pérdida Estado dañado No para préstamo Código de colección Localización permanente Ubicación/localización actual Ubicación en estantería Fecha de adquisición Total de préstamos Fecha visto por última vez Identificador Uniforme del Recurso Precio válido a partir de Tipo de ítem Koha
        Acceso abierto Bib. Gregorio Torres Quintero Bib. Gregorio Torres Quintero En línea 03/03/2025   03/03/2025 https://revistascientificas.us.es/index.php/fuentes/article/view/2363 03/03/2025 Artículo Electrónico